000 00664nam a2200193Ia 4500
005 20250508161927.0
008 008 250505s9999 xx 000 0 eng d
037 _aDissertations
040 _aFEDL
_beng
_cFEDL
041 _aeng
_2eng
084 _a371.42, BIS/DI
_qFEDL
100 _aBiswas Gopa
_9523412
245 0 _aExploratory study of the factors that a affect the choice of opting for, and the vocational aspirations of the english honours women students of the Delhi University
260 _c1978
300 _a71p.
546 _aM.Ed. Dissertation (Delhi University)
942 _cDIS
_h371.42, BIS/DI
999 _c1373274
_d1373274